Statistics for Premier League Stadium Neighbours

Click here to take the quiz!

General Stats

  • This quiz has been taken 63 times
  • The average score is 11 of 20

Answer Stats

HintAnswer% Correct
Manchester CityManchester United
86%
EvertonLiverpool
84%
Manchester UnitedManchester City
84%
LiverpoolEverton
80%
ArsenalTottenham Hotspur
80%
Tottenham HotspurArsenal
78%
FulhamChelsea
67%
ChelseaFulham
67%
SouthamptonBournemouth
61%
BournemouthSouthampton
61%
Nottingham ForestLeicester City
53%
Aston VillaWolverhampton Wanderers
53%
Wolverhampton WanderersAston Villa
47%
Newcastle UnitedLeeds United
45%
Leicester CityNottingham Forest
43%
Crystal PalaceChelsea
37%
BrentfordFulham
33%
Brighton & Hove AlbionCrystal Palace
16%
West HamArsenal
14%
Leeds UnitedManchester City
12%

Score Distribution

Percentile by Number Answered

Percent of People with Each Score

Your Score History

You have not taken this quiz